Turbulence modeling for CFD / (Record no. 23689)
[ view plain ]
| 000 -LEADER | |
|---|---|
| fixed length control field | 00892cam a2200265 a 4500 |
| 001 - CONTROL NUMBER | |
| control field | 4899929 |
| 003 - CONTROL NUMBER IDENTIFIER | |
| control field | NUST |
| 005 - DATE AND TIME OF LATEST TRANSACTION | |
| control field | 20170606104446.0 |
| 008 - FIXED-LENGTH DATA ELEMENTS--GENERAL INFORMATION | |
| fixed length control field | 931028s1993 caua 000 0 eng d |
| 010 ## - LIBRARY OF CONGRESS CONTROL NUMBER | |
| LC control number | 93224752 |
| 020 ## - INTERNATIONAL STANDARD BOOK NUMBER | |
| International Standard Book Number | 0963605100 |
| 035 ## - SYSTEM CONTROL NUMBER | |
| System control number | (OCoLC)28575603 |
| 040 ## - CATALOGING SOURCE | |
| Original cataloging agency | DLC |
| Transcribing agency | RCMS |
| Modifying agency | DLC |
| 042 ## - AUTHENTICATION CODE | |
| Authentication code | lccopycat |
| 050 00 - LIBRARY OF CONGRESS CALL NUMBER | |
| Classification number | QC150 |
| Item number | .W55 1993 |
| 082 00 - DEWEY DECIMAL CLASSIFICATION NUMBER | |
| Classification number | 620.1/064 WIL |
| Edition number | 20 |
| 100 1# - MAIN ENTRY--PERSONAL NAME | |
| Personal name | Wilcox, David C. |
| 9 (RLIN) | 1993 |
| 245 10 - TITLE STATEMENT | |
| Title | Turbulence modeling for CFD / |
| Statement of responsibility, etc. | by David C. Wilcox. |
| 260 ## - PUBLICATION, DISTRIBUTION, ETC. | |
| Place of publication, distribution, etc. | La Cãnada, CA : |
| Name of publisher, distributor, etc. | DCW Industries, Inc., |
| Date of publication, distribution, etc. | c1993. |
| 300 ## - PHYSICAL DESCRIPTION | |
| Extent | xix, 460 p. : |
| Other physical details | ill. ; |
| Dimensions | 22 cm. + |
| Accompanying material | 1 computer disk (3 1/2 in.) |
| 538 ## - SYSTEM DETAILS NOTE | |
| Display text | Shelf No 1 Row No 3 |
| 650 #0 - SUBJECT ADDED ENTRY--TOPICAL TERM | |
| Topical term or geographic name entry element | Fluid dynamic measurements. |
| 9 (RLIN) | 1994 |
| 856 ## - ELECTRONIC LOCATION AND ACCESS | |
| Materials specified | Table of Content Only |
| 906 ## - LOCAL DATA ELEMENT F, LDF (RLIN) | |
| a | 7 |
| b | cbc |
| c | copycat |
| d | 2 |
| e | ncip |
| f | 19 |
| g | y-gencatlg |
| 942 ## - ADDED ENTRY ELEMENTS (KOHA) | |
| Source of classification or shelving scheme | |
| Koha item type | Book |
| Withdrawn status | Lost status | Source of classification or shelving scheme | Damaged status | Not for loan | Permanent Location | Current Location | Shelving location | Date acquired | Total Checkouts | Total Renewals | Full call number | Barcode | Date last seen | Date last checked out | Price effective from | Koha item type |
|---|---|---|---|---|---|---|---|---|---|---|---|---|---|---|---|---|
| School of Interdisciplinary Engineering and Sciences (SINES) | School of Interdisciplinary Engineering and Sciences (SINES) | General Stacks | 01/01/2014 | 2 | 1 | 620.1/064 WIL | RCMS001811 | 09/25/2018 | 08/16/2018 | 01/01/2014 | Book |
